000 00332nam a22001457a 4500
003 ASAB
005 20180827062635.0
008 140526t xxu||||| |||| 00| 0 eng d
020 _a978-81-309-2820-3
040 _cASAB
100 _aSubrata Pal
_9873
245 _aTextbook of Biomechanics
300 _a300 p.
942 _2ddc
_cBK
999 _c480103
_d480103